| 000 | 00589nam a2200193 a 4500 | ||
|---|---|---|---|
| 001 | BRL_315 | ||
| 005 | 20190320210700.0 | ||
| 008 | 290713s1995----mx-a######---#000-0#spa-# | ||
| 041 | _aspa | ||
| 044 | _amx | ||
| 050 | 4 |
_aNK844 _b.S68 1995 |
|
| 245 | 1 | 0 |
_a95 [i.e. Noventa y cinco] Salón de Maestros del Arte Popular _bBancomer. |
| 260 |
_aMéxico _bFundación Cultural Bancomer _c[1995] |
||
| 300 |
_a80 p. _bil. (algunas a color) _c28 cm. _e1 invitación |
||
| 500 | _aAu772 | ||
| 650 | 1 | 4 |
_aArte popular _vExposiciones _xHistoria _ySiglo XX _zMéxico _94706 |
| 902 | _aGRL | ||
| 942 |
_2lcc _cB |
||
| 999 |
_c9128 _d9128 |
||